000 00448nam a2200181Ia 4500
001 13821
005 20260306164829.0
008 260306t1999||||xx |||||||||||||| ||spa||
041 _aESP
082 _a005.369
_bB73
100 _aBooch, Grady
_eAUT
245 0 _aEl lenguaje unificado de modelado:
_bThe unified modeling language user guide
260 _c1999
300 _a
_c
650 _aGEN
654 _aCCC
942 _cLIB
_dJUS
_fJUS
_2ddc
_n
999 _c13821
_d13821